000 00426nam a2200181Ia 4500
001 16563
005 20260306170318.0
008 260306t2014||||xx |||||||||||||| ||und||
041 _aESP
082 _a348.621
_bA47
100 _aAlva López,Noelia Belmira
_eAUT
245 0 _aCTS:
_banálisis legal
260 _c2014
300 _a64 páginas :
_c24 cm.
650 _aGEN
654 _aCDE
942 _cLIB
_dJUS
_fJUS
_2ddc
_n
999 _c16563
_d16563